Guatemala: hechos fundamentales (resumen y parte introductoria)
En primer lugar, se analiza las principales tendencias del período que va de 1980 a 1985, identificando actores políticos y hechos de la historia social y política de Guatemala. Posteriormente se presenta una síntesis cronológica que se fundamenta con los hechos más relevantes de cada año, clasifica...
Guardat en:
| Autor principal: | |
|---|---|
| Format: | Text |
| Publicat: |
San José:
ICADIS
|
| Matèries: | |
| Etiquetes: |
Afegir etiqueta
Sense etiquetes, Sigues el primer a etiquetar aquest registre!
|
MARC
| LEADER | 00000 a a2200000 04500 | ||
|---|---|---|---|
| 001 | 4892 | ||
| 003 | |||
| 040 | |||
| 090 | |a 119700 | ||
| 100 | |a Reyes Illesca, Miguel Angel | ||
| 245 | |a Guatemala: hechos fundamentales (resumen y parte introductoria) | ||
| 260 | |a San José: |b ICADIS | ||
| 300 | |a 24 p | ||
| 520 | |a En primer lugar, se analiza las principales tendencias del período que va de 1980 a 1985, identificando actores políticos y hechos de la historia social y política de Guatemala. Posteriormente se presenta una síntesis cronológica que se fundamenta con los hechos más relevantes de cada año, clasificados según el "proyecto" que los genera y las tendencias de los escenarios. Continua con una explicación del desarrollo de la crisis y nuevos elementos de análisis que los enumera para su discusión en la Mesa III, un juego de proposiciones que representa una primera formalización de las tendencias de los escenarios. HB/ALJ | ||
| 650 | |a ASPECTOS POLITICOS | ||
| 650 | |a HISTORIA SOCIAL | ||
| 650 | |a CRONOLOGIA | ||
| 650 | |a CRISIS | ||
| 999 | |c 11581 |d 11581 | ||
